000 00294nam a22001337a 4500
020 _a978-93-5103-806-1
082 _a001
_bBRY/E
100 _aBRYAN, DALE-MARIE
245 _aEXPERIMENTS WITH MAGNENTS
260 _aNEW YORK
_bSCHOLASTIC
300 _a48
650 _aGK
_zNEW YORK
942 _cBK
999 _c6321
_d6321